Cambios en Puno ; estudios de sociologia andina /

Bibliographic Details
Main Author: Bourricaud, François
Format: Book
Language:Spanish
French
Published: Mexico, [publisher not identified] ; 1967.
Edition:1. ed. castellana.
Series:Ediciones especiales (Inter-American Indian Institute) ; 48.
Subjects:

MARC

Tag First Indicator Second Indicator Subfields
LEADER 00000cam a2200000 4500
001 in00000477635
005 20151012165249.0
008 730921s1967 mx ab 00000 spa u
035 |a (OCoLC)00693090 
035 |9 ABZ8469AM 
040 |c CIN  |d TXA  |d UtOrBLW 
041 1 |a spa  |a fre 
049 |a TXAM  |c [1185733] 
090 |a F3611.P84  |b B618 
100 1 |a Bourricaud, François. 
245 1 0 |a Cambios en Puno ;  |b estudios de sociologia andina /  |c [Version castellana de Rosalia Avalos de Matos. 
250 |a 1. ed. castellana. 
264 1 |a Mexico,  |b [publisher not identified] ;  |c 1967. 
300 |a viii, 257 pages :  |b illustrations, maps. ;  |c 23 cm. 
336 |a text  |b txt  |2 rdacontent 
337 |a unmediated  |b n  |2 rdamedia 
338 |a volume  |b nc  |2 rdacarrier 
490 1 |a Instituto Indigenista Interamericano. Ediciones especiales, 48 
500 |a Originally presented as the author's thesis, Paris, 1961, under the title: Changements a Puno; etude de sociologie andine. 
651 0 |a Puno (Puno, Peru) 
830 0 |a Ediciones especiales (Inter-American Indian Institute) ;  |v 48. 
999 |a MARS 
999 f f |s ee415a0b-3753-3035-b8c9-ed7a84a3502d  |i bf5865a4-ff4e-3c6f-b751-314c988b4d45  |t 0 
952 f f |p ric  |a Texas A&M University  |b Rellis Campus  |c Joint Library Facility  |d Remote Storage  |t 0  |e F3611.P84 B618  |h Library of Congress classification  |i unmediated -- volume  |m A14802374973 
998 f f |a F3611.P84 B618  |t 0  |l Remote Storage